Babu Bangladesh! /

Bibliografiska uppgifter
Huvudupphovsman: Choudhury, Numair Atif, 1974-2018 (Författare, medförfattare)
Materialtyp: Bok
Språk:English
Publicerad: New Delhi : Fourth Estate, 2019.
Ämnen:
Classic Catalogue: View this record in Classic Catalogue
LEADER 01400nam a22003497i 4500
001 44321
003 BD-DhAAL
005 20250421105541.0
008 220209s2019 ii 000 1 eng
010 |a  2021317416 
020 |a 9789353570576 
020 |z 9789353570583 
025 |a I-E-2021317416 
037 |b Library of Congress -- New Delhi Overseas Office 
040 |a DLC  |b eng  |e rda  |c DLC  |d DLC  |d BD-DhAAL 
042 |a lcode 
050 0 0 |a MLCS 2024/50002 (P) 
082 |a 823  |2 23 
100 1 |a Choudhury, Numair Atif,  |d 1974-2018,  |e author.  |9 58068 
245 1 0 |a Babu Bangladesh! /  |c Numair Atif Choudhury. 
260 |a New Delhi :  |b Fourth Estate,  |c 2019. 
300 |a 402 pages ;  |c 22 cm 
500 |a Novel. 
541 |a Donated by Farhana Zahir, Assistant Professor, BRAC Business School  |e 44321 
650 |a Bangladeshi fiction (English)  |y 21st century.  |9 58070 
651 |a Bangladesh  |v Fiction. 
651 |a Bangladesh  |x Politics and government  |v Fiction.  |9 58069 
655 7 |a Novels.  |2 lcgft 
852 |a Ayesha Abed Library  |c General Stacks 
942 |2 ddc  |c BK 
999 |c 47270  |d 47270 
952 |0 0  |1 0  |2 ddc  |4 0  |6 823_000000000000000_CHO  |7 0  |9 77599  |a BRACUL  |b BRACUL  |c GEN  |d 2025-04-21  |e Donated by Farhana Zahir, Assistant Professor, BRAC Business School  |l 0  |o 823 CHO  |p 3010044321  |r 2025-04-21  |t 1  |w 2025-04-21  |y BK  |x Donated by Farhana Zahir, Assistant Professor, BRAC Business School ; Rs 599